<?xml version="1.0" encoding="UTF-8"?>
<record
    xmlns:xsi="http://www.w3.org/2001/XMLSchema-instance"
    xsi:schemaLocation="http://www.loc.gov/MARC21/slim http://www.loc.gov/standards/marcxml/schema/MARC21slim.xsd"
    xmlns="http://www.loc.gov/MARC21/slim">

  <leader>00249nam a22000977a 4500</leader>
  <controlfield tag="003">SGT</controlfield>
  <datafield tag="245" ind1=" " ind2=" ">
    <subfield code="a">International Journal of Oral Health Dentistry</subfield>
  </datafield>
  <datafield tag="260" ind1=" " ind2=" ">
    <subfield code="b">Innovative Publisher </subfield>
    <subfield code="c">2015,2017,2019,2020</subfield>
  </datafield>
  <datafield tag="300" ind1=" " ind2=" ">
    <subfield code="a">210,240,240,320</subfield>
  </datafield>
  <datafield tag="942" ind1=" " ind2=" ">
    <subfield code="2">ddc</subfield>
    <subfield code="c">BV</subfield>
  </datafield>
  <datafield tag="952" ind1=" " ind2=" ">
    <subfield code="0">0</subfield>
    <subfield code="1">0</subfield>
    <subfield code="2">ddc</subfield>
    <subfield code="4">0</subfield>
    <subfield code="5">1</subfield>
    <subfield code="7">1</subfield>
    <subfield code="a">FD</subfield>
    <subfield code="b">FD</subfield>
    <subfield code="d">2025-03-07</subfield>
    <subfield code="h">Vol.1</subfield>
    <subfield code="i">SGTU</subfield>
    <subfield code="p">PD1172</subfield>
    <subfield code="r">2025-03-07 00:00:00</subfield>
    <subfield code="w">2025-03-07</subfield>
    <subfield code="y">BV</subfield>
  </datafield>
  <datafield tag="952" ind1=" " ind2=" ">
    <subfield code="0">0</subfield>
    <subfield code="1">0</subfield>
    <subfield code="2">ddc</subfield>
    <subfield code="4">0</subfield>
    <subfield code="5">1</subfield>
    <subfield code="7">1</subfield>
    <subfield code="a">FD</subfield>
    <subfield code="b">FD</subfield>
    <subfield code="d">2025-03-07</subfield>
    <subfield code="h">Vol.3</subfield>
    <subfield code="i">SGTU</subfield>
    <subfield code="p">PD1173</subfield>
    <subfield code="r">2025-03-07 00:00:00</subfield>
    <subfield code="w">2025-03-07</subfield>
    <subfield code="y">BV</subfield>
  </datafield>
  <datafield tag="952" ind1=" " ind2=" ">
    <subfield code="0">0</subfield>
    <subfield code="1">0</subfield>
    <subfield code="2">ddc</subfield>
    <subfield code="4">0</subfield>
    <subfield code="5">1</subfield>
    <subfield code="7">1</subfield>
    <subfield code="a">FD</subfield>
    <subfield code="b">FD</subfield>
    <subfield code="d">2025-03-07</subfield>
    <subfield code="h">Vol.5</subfield>
    <subfield code="i">SGTU</subfield>
    <subfield code="p">PD1174</subfield>
    <subfield code="r">2025-03-07 00:00:00</subfield>
    <subfield code="w">2025-03-07</subfield>
    <subfield code="y">BV</subfield>
  </datafield>
  <datafield tag="952" ind1=" " ind2=" ">
    <subfield code="0">0</subfield>
    <subfield code="1">0</subfield>
    <subfield code="2">ddc</subfield>
    <subfield code="4">0</subfield>
    <subfield code="5">1</subfield>
    <subfield code="7">1</subfield>
    <subfield code="a">FD</subfield>
    <subfield code="b">FD</subfield>
    <subfield code="d">2025-03-07</subfield>
    <subfield code="h">Vol.6</subfield>
    <subfield code="i">SGTU</subfield>
    <subfield code="p">PD1175</subfield>
    <subfield code="r">2025-03-07 00:00:00</subfield>
    <subfield code="w">2025-03-07</subfield>
    <subfield code="y">BV</subfield>
  </datafield>
  <datafield tag="999" ind1=" " ind2=" ">
    <subfield code="c">30237</subfield>
    <subfield code="d">30237</subfield>
  </datafield>
</record>
